[Event "Oberfranken-ch U14"]
[Site "Schney"]
[Date "2020.01.06"]
[Round "7.7"]
[White "Reifschneider, Milena"]
[Black "Partheymueller, Laurin"]
[Result "0-1"]
[WhiteElo "1093"]
[BlackElo "1025"]
[PlyCount "70"]
[EventDate "2020.01.03"]
[EventType "swiss"]
[EventRounds "7"]
[EventCountry "GER"]
[SourceTitle "EXT 2024"]
[Source "ChessBase"]
[SourceDate "2023.10.10"]
[SourceVersion "1"]
[SourceVersionDate "2023.10.10"]
[SourceQuality "1"]

1. e4 e5 2. Nf3 Nc6 3. d4 d6 4. d5 Nce7 5. Nc3 Bg4 6. Be2 Nf6 7. Bg5 Ng6 8. 0-0 Be7 9. Bxf6 Bxf6 10. h3 Bxf3 11. Bxf3 0-0 12. Ne2 Qd7 13. b4 c6 14. c4 cxd5 15. exd5 e4 16. Bg4 Qe7 17. Rb1 Rfe8 18. Rb3 Ne5 19. Bf5 Nxc4 20. Nf4 Qe5 21. Qh5 g6 22. Bd7 gxh5 23. Bxe8 Nd2 24. Rg3+ Kf8 25. Rd1 Qxf4 26. Ba4 e3 27. Rxe3 Qxb4 28. Bc2 Re8 29. Rg3 Nb1 30. Kh2 Re1 31. Rdd3 Be5 32. Rb3 Bxg3+ 33. fxg3 Qd4 34. g4 Qf4+ 35. g3 Qf2# 0-1

[Event "Oberfranken-ch U14"]
[Site "Schney"]
[Date "2020.01.05"]
[Round "5.7"]
[White "Kunte, Dominik"]
[Black "Partheymueller, Laurin"]
[Result "0-1"]
[WhiteElo "863"]
[BlackElo "1025"]
[PlyCount "99"]
[EventDate "2020.01.03"]
[EventType "swiss"]
[EventRounds "7"]
[EventCountry "GER"]
[SourceTitle "EXT 2024"]
[Source "ChessBase"]
[SourceDate "2023.10.10"]
[SourceVersion "1"]
[SourceVersionDate "2023.10.10"]
[SourceQuality "1"]

1. d4 d5 2. Bf4 Nf6 3. e3 a6 4. Bd3 Nc6 5. c3 e6 6. Nf3 Bd6 7. Bg3 0-0 8. Nbd2 Bd7 9. Qc2 h6 10. Ne5 Bxe5 11. dxe5 Nh5 12. f4 f6 13. exf6 Qxf6 14. 0-0-0 Nxg3 15. hxg3 e5 16. Rdf1 Bf5 17. Bxf5 Qxf5 18. Qxf5 Rxf5 19. fxe5 Rxf1+ 20. Rxf1 Nxe5 21. Rf5 Ng4 22. Nf1 Rf8 23. Rf4 Rxf4 24. gxf4 c6 25. Kd2 Kf7 26. Nh2 Nxh2 27. Ke2 Ng4 28. Kf3 Nf6 29. Ke2 Nd7 30. Kd3 Nc5+ 31. Kd4 Na4 32. b3 Nb2 33. c4 dxc4 34. bxc4 Nd1 35. e4 g5 36. f5 Kf6 37. Kd3 Nf2+ 38. Ke3 Ng4+ 39. Kf3 Ne5+ 40. Ke3 Nxc4+ 41. Kd4 Nd2 42. g4 Nf3+ 43. Ke3 Ne5 44. Kd4 Nxg4 45. Kd3 h5 46. Ke2 h4 47. Kf1 h3 48. Kg1 h2+ 49. Kh1 c5 50. e5+ 0-1

[Event "Oberfranken-ch U14"]
[Site "Schney"]
[Date "2020.01.05"]
[Round "6.4"]
[White "Partheymueller, Laurin"]
[Black "Wagner, Tizian"]
[Result "0-1"]
[WhiteElo "1025"]
[BlackElo "1147"]
[PlyCount "88"]
[EventDate "2020.01.03"]
[EventType "swiss"]
[EventRounds "7"]
[EventCountry "GER"]
[SourceTitle "EXT 2024"]
[Source "ChessBase"]
[SourceDate "2023.10.10"]
[SourceVersion "1"]
[SourceVersionDate "2023.10.10"]
[SourceQuality "1"]

1. e4 e5 2. Nf3 Nc6 3. Bc4 Nf6 4. Nc3 Bc5 5. 0-0 d6 6. h3 0-0 7. d3 h6 8. Be3 Bb6 9. Qd2 Kh7 10. Rad1 Be6 11. b3 Qd7 12. Kh2 d5 13. exd5 Nxd5 14. Nxd5 Bxd5 15. Bxd5 Qxd5 16. d4 e4 17. Ne5 Nxe5 18. dxe5 Qxe5+ 19. Kg1 Bxe3 20. fxe3 Qg5 21. Rfe1 Rad8 22. Qc3 c6 23. Rxd8 Rxd8 24. Qb4 b6 25. Qxe4+ Qg6 26. Qc4 Rd2 27. Re2 b5 28. Qf4 Rxe2 29. Qh2 Rxc2 30. e4 Qxe4 31. Qg3 Rxa2 32. Kh2 f6 33. b4 Qe5 34. Qxe5 fxe5 35. h4 e4 36. Kh3 e3 37. Kg4 e2 38. Kh5 e1R 39. Kg4 Rxg2+ 40. Kh3 Rg6 41. Kh2 Re4 42. Kh3 Rxb4 43. h5 Rg5 44. Kh2 Rh4# 0-1